1036 1777 1875 1723 1986 1183 1129 1576 1368 1236 1727 1906 1295 1284 1447 1644 1566 1800 1144 1986 1219 1434 1186 1131 1091 1057 1307 1484 1762 1662 1114 1693 1727 1121 1015 1001 1275 1583 1444 1015 1082 1353 1034 1994 1606 1004 1962 1401 1189 1560 1630 1439 1997 1367 1738 1976 1455 1210 1167 1286 1859 1493 1989 1509 1418 1383 1630 1953 1845 1066 1702 1402 1372 1647 1816 1312 1224 1494 1701 1391 1072 1166 1597 1329 1439 1024 1437 1298 1038 1348 1879 1528 1466 1316 1025 1284 1482 1801 1570 BCNSPRNW ULIB Ver.6.0+V

เปลี่ยนเป็นภาษาไทย

Change to English
 แสดงรายละเอียดบรรณานุกรม
  กลับหน้าหลัก

Brief Record : Get Marc (ISO 2709) : E-mail record : QR code < ปิดหน้าต่าง
LEADER : 00000nam 2200000uu 4500
001    13399122611
003     ULIB
008    130816s2555||||th 000 0 tha d
020    ^a9786167448268
060 04 ^aWJ342^bพ199ต
100 0  ^aพนิดา กุลประสูติดิลก
245 10 ^aไตวาย การควบคุม ดูแลรักษา และการป้องกัน /^cพนิดา กุลประสูติดิลก
250    ^aพิมพ์ครั้งที่ 2
260    ^aกรุงเทพฯ :^bFeel good,^c2555
300    ^a191 หน้า :^bภาพประกอบ ;^c21 ซม.
650  4 ^aไตวาย^xการป้องกันและควบคุม
650  4 ^aไตวาย^xการรักษา
945    ^p155^l0^i033766
945    ^p155^l0^i033767
999    ^aทศพร
รายการนี้ยังไม่มีแท็ก
คุณยังไม่ได้ล็อกอิน คุณสามารถมีกิจกรรมร่วมกับเว็บไซต์ได้ แต่ต้องล็อกอินก่อน ::
  ล็อกอิน

รายการสื่อสารสนเทศ

ลำดับที่ ประเภท เลขเรียก/บาร์โค้ด สถานที่ สถานะ
1. วิทยาศาสตร์การแพทย์ และสุขภาพ
หนังสือสำรอง
สถานะ=หนังสือสำรอง
WJ342 พ199ต ฉ.1 
  Barcode: 033766
ห้องสมุดวิทยาเขตสวรรค์ประชารักษ์
►หนังสือทั่วไป
ถูกยืม กำหนดส่งวันที่ 28 กันยายน 2567
  จอง
2. วิทยาศาสตร์การแพทย์ และสุขภาพ
วิทยาศาสตร์การแพทย์ และสุขภาพ
WJ342 พ199ต ฉ.2 
  Barcode: 033767
ห้องสมุดวิทยาเขตสวรรค์ประชารักษ์
►ส่วนจัดเก็บหนังสือเก่า สปร
บนชั้น
  ขอยืม

รายการใกล้เคียง
    ผู้แต่ง [พนิดา กุลประสูติดิลก]

BibComment


ยังไม่เคยถูกคอมเมนท์

คอมเมนท์ทรัพยากรรายการนี้
  คอมเมนท์: ไตวาย การควบคุม ..


 Copyright 2026. Bcnsprnw @Library